000 00706nam a2200229Ii 4500
003 JO-AjNU
008 230605s9999||||xx |||||||||||||| ||und||
017 _a2009/1/111
020 _a978-9957-70-160-4
040 _aJO-AjNU
_bara
_erda
_cJO-AjNU
041 _aara
050 1 4 _aHD31.Z34.2011
100 3 _aالظاهر،نعيم ابراهيم,
_eauthor
_930866
245 0 0 _aالادارة الحديثة نظريات ومفاهيم
250 _aط1
264 3 1 _aاربد:عالم الكتب الحديث،2011
300 _a367ص
336 _atext
_btxt
_2rdacontent
337 _aunmediated
_bn
_2rdamedia
338 _avolume
_bnc
_2rdacarrier
650 4 _aادارة الاعمال
_930867
999 _aA12284
_c15852
_d15852